Circuitos electrónicos: tratamiento unificado de válvulas de vacío y transistores

محفوظ في:
التفاصيل البيبلوغرافية
المؤلف الرئيسي: Angelo, E. James (مؤلف)
التنسيق: كتاب
اللغة:الإسبانية
منشور في: Madrid Del Castillo 1965
الطبعة:2a. ed
الموضوعات:
الوسوم: إضافة وسم
لا توجد وسوم, كن أول من يضع وسما على هذه التسجيلة!

MARC

LEADER 00000nam a2200000 a 4500
001 UCU6104
003 CL-VaPUC
008 960614e19650000SP |||||||||||||||||spa|d
082 0 4 |a 621.381  |b ANG  |2 21 
100 0 |a Angelo, E. James  |e author  |9 364221 
245 1 0 |a Circuitos electrónicos: tratamiento unificado de válvulas de vacío y transistores 
250 |a 2a. ed 
300 |a 645 p 
942 |c BK 
945 |d 19960614 00:00:00  |a lriquelm 
260 |a Madrid  |b Del Castillo  |c 1965 
650 0 |a Circuitos electrónicos  |9 260204 
650 7 |a TUBOS ELECTRONICOS  |2 CL-VaPUC  |9 364222 
650 0 |a Vacío   |9 259362 
650 0 |a Transistores  |9 260330 
650 7 |a DIODOS SEMICONDUCTORES  |2 CL-VaPUC  |9 364223 
650 0 |a Amplificadores   |9 338119 
583 |a last modification  |c 19960614 00:00:00  |k Rodrigo Vera 
999 |c 249150  |d 249148 
952 |0 0  |1 0  |4 0  |6 621_381000000000000_ANG_1965  |7 0  |8 A  |9 266212  |a BIBING  |b BIBING  |d 2019-11-19  |i 1681001  |o 621.381 ANG 1965  |p 1681001  |r 2025-01-20  |w 2019-11-19  |y BK  |k EIE